শিল্প সংস্কৃতি জীবন / (Record no. 254290)
[ view plain ]
| 000 -LEADER | |
|---|---|
| fixed length control field | 00843nam a22002297a 4500 |
| 003 - CONTROL NUMBER IDENTIFIER | |
| control field | BD-DhUL |
| 005 - DATE AND TIME OF LATEST TRANSACTION | |
| control field | 20210826145525.0 |
| 008 - FIXED-LENGTH DATA ELEMENTS--GENERAL INFORMATION | |
| fixed length control field | 210824s2014 bg ||||| b||| 00| 0 eng |
| 020 ## - INTERNATIONAL STANDARD BOOK NUMBER | |
| International Standard Book Number | 9789849066262 (pbk) |
| 040 ## - CATALOGING SOURCE | |
| Original cataloging agency | BD-DhUL |
| Transcribing agency | BD-DhUL |
| 082 ## - DEWEY DECIMAL CLASSIFICATION NUMBER | |
| Classification number | 891.444 |
| Item number | RAS |
| 100 1# - MAIN ENTRY--PERSONAL NAME | |
| Personal name | রফিক, আহমদ । |
| 245 00 - TITLE STATEMENT | |
| Title | শিল্প সংস্কৃতি জীবন / |
| Statement of responsibility, etc. | আহমদ রফিক |
| 250 ## - EDITION STATEMENT | |
| Edition statement | ৩য় সংস্ক. |
| 260 ## - PUBLICATION, DISTRIBUTION, ETC. (IMPRINT) | |
| Place of publication, distribution, etc. | ঢাকা : |
| Name of publisher, distributor, etc. | অনিন্দ্য প্রকাশ, |
| Date of publication, distribution, etc. | ২০১৪ । |
| 300 ## - PHYSICAL DESCRIPTION | |
| Extent | ১৭৬ পৃ. ; |
| Dimensions | ২২ সেমি. |
| 365 ## - TRADE PRICE | |
| Price type code | BDT |
| Price amount | 300.00 |
| 504 ## - BIBLIOGRAPHY, ETC. NOTE | |
| Bibliography, etc | গ্রন্থপঞ্জিগত তথ্য সংবলিত । |
| 650 0# - SUBJECT ADDED ENTRY--TOPICAL TERM | |
| Topical term or geographic name as entry element | বাংলা প্রব্ন্ধ । |
| 650 0# - SUBJECT ADDED ENTRY--TOPICAL TERM | |
| Topical term or geographic name as entry element | Bangali literature. |
| 942 ## - ADDED ENTRY ELEMENTS (KOHA) | |
| Source of classification or shelving scheme | |
| Koha item type | Books |
| Date last seen | Permanent Location | Not for loan | Date acquired | Source of classification or shelving scheme | Koha item type | Lost status | Withdrawn status | Copy number | Source of acquisition | Collection code | Damaged status | Shelving location | Barcode | Current Location | Full call number |
|---|---|---|---|---|---|---|---|---|---|---|---|---|---|---|---|
| 2021-08-24 | Dhaka University Library | 2028-12-21 | Books | 1 | Purchased | Non Fiction | General Stacks | 519597 | Dhaka University Library | 891.444 ASH | |||||
| 2021-08-24 | Dhaka University Library | 2028-12-20 | Books | 2 | Purchased | Non Fiction | General Stacks | 519598 | Dhaka University Library | 891.444 ASH |
